Walking Across America’s Borders #1 - Statistics

General Stats
  • This quiz has been taken 41 times
  • The average score is 13 of 16
Answer Stats
Hint Answer % Correct
The nation’s only Disneyland is located in this golden state. California
100%
This state is known for its gambling. Nevada
100%
The grand Mount Rushmore is located here. South Dakota
93%
With less than 600,000 people, this state has the smallest population. Wyoming
89%
This state has the largest city in the nation. New York
85%
Its capital is 3 words, each with 4 letters. Utah
85%
This state is one of only two to border the nation’s capital. Virginia
85%
A famous race involving horses is held here every May. Kentucky
81%
The Timberwolves are the only NBA team in this state. Minnesota
81%
Kansas City is located in this state. Missouri
81%
This state’s nickname is “The Hawkeye State.” Iowa
78%
This is the only state completely within the Appalachian Mountain Range. West Virginia
78%
This state is known as the landing place of the Mayflower and the Pilgrims. Massachusetts
74%
This state is the closest one to Africa. Maine
67%
Its largest city and its name start with the same letter. Pennsylvania
67%
This state has a mere 13 miles of coastline. New Hampshire
63%
No matching quizzes found
Score Distribution
Percent of People with Each Score
Percentile by Number Answered
Your Score History
You have not taken this quiz